Payeftjauemawyneith’s Shabti (UC 40093) and Another from Nebesheh /

A shabti of Saite date, UC 40093, bearing the name Payeftjauemawyneith, is for the first time described, transcribed, transliterated, and translated. Some publications conflate it with another shabti that bears the same name. This article explores whether they belonged to the same man (who may be a...

وصف كامل

محفوظ في:

المؤلف الرئيسي: Bassir, Hussein.

مؤلفون آخرون: Creasman, Paul.

التنسيق: كتاب

اللغة: Undetermined

الوصول للمادة أونلاين: Login to view Source

الوسوم: إضافة وسم

لا توجد وسوم, كن أول من يضع وسما على هذه التسجيلة!

رقم الطلب:

LEADER 00874nam a2200121Ia 4500
008 220712s9999||||xx |||||||||||||| ||und||
100 1 |a Bassir, Hussein. 
245 1 0 |a Payeftjauemawyneith’s Shabti (UC 40093) and Another from Nebesheh /  |c Hussein Bassir. 
520 3 |a A shabti of Saite date, UC 40093, bearing the name Payeftjauemawyneith, is for the first time described, transcribed, transliterated, and translated. Some publications conflate it with another shabti that bears the same name. This article explores whether they belonged to the same man (who may be a high-ranking official who served under Apries and Amasis), and possible locations for his tomb. 
700 1 |a Creasman, Paul. 
856 4 |u https://lockwoodonlinejournals.com/index.php/jarce/workflow/access/41 
952 |0 0  |1 0  |4 0  |7 1  |9 42321  |a JARCE  |b JARCE  |d 2022-08-09  |l 0  |r 2022-08-09 00:00:00  |w 2022-08-09  |y PT 
999 |c 49084  |d 49084